| 000 | 00548nam a2200217 a 4500 | ||
|---|---|---|---|
| 001 | BRCA_6750 | ||
| 005 | 20190320205557.0 | ||
| 008 | 241011s1944----mx-#######---#000-0#spa-# | ||
| 041 | _aspa | ||
| 044 | _amx | ||
| 050 | 4 |
_aPQ7297 _b.D35 P3 _c1944 |
|
| 100 | 1 |
_aDelgado, Rafael _916851 |
|
| 245 | 1 | 0 |
_aLos parientes ricos _cRafael Delgado |
| 260 |
_aMĂ©xico _bPorrĂșa _c1944 |
||
| 300 |
_a442 p. _c20 cm. |
||
| 440 | 0 |
_aEscritores mexicanos _v6 _916852 |
|
| 500 | _aI17 | ||
| 650 | 1 | 4 |
_aLiteratura mexicana _910506 |
| 902 | _aGFM | ||
| 942 |
_2lcc _cB |
||
| 999 |
_c6433 _d6433 |
||